[Event "Junior Online 4NCL Division 3"]
[Site "online"]
[Date "2021.03.04"]
[EventDate "2021.03.04"]
[Round "4.46"]
[White "Vusikala, Tarun"]
[WhiteElo "211"]
[WhiteTeam "East Kilbride Rooks"]
[Black "Gardner, Kai"]
[BlackElo "1487"]
[BlackTeam "Barnet Knights B"]
[Result "0-1"]
[PlyCount "40"]

1. e4 d5 2. exd5 Nf6 3. c4 c6 4. dxc6 Nxc6 5. Nc3 e5 6. Nf3 Bc5 7. Bd3 O-O 8. O-O Re8 9. Be4 Bg4 10. d3 Nd4 11. h3 Nxf3+ 12. gxf3 Bxh3 13. Re1 Be7 14. Bxb7 Rb8 15. Be4 Nxe4 16. Nxe4 f5 17. Ng3 f4 18. Ne4 Bd6 19. Nxd6 Qg5+ 20. Kh1 Qg2# 0-1

[Event "Junior Online 4NCL Division 3"]
[Site "online"]
[Date "2021.03.04"]
[EventDate "2021.03.04"]
[Round "4.47"]
[White "Tokar, Kyrylo"]
[WhiteElo "1479"]
[WhiteTeam "Barnet Knights B"]
[Black "Vinodh, Sampriti"]
[BlackElo "197"]
[BlackTeam "East Kilbride Rooks"]
[Result "1/2-1/2"]
[PlyCount "98"]

1. e4 e5 2. Nf3 Nc6 3. Bc4 Nf6 4. d3 Bb4+ 5. Nc3 Bxc3+ 6. bxc3 d6 7. h3 Be6 8. Bxe6 fxe6 9. Bg5 h6 10. Bxf6 gxf6 11. Qd2 d5 12. exd5 exd5 13. d4 exd4 14. cxd4 Qe7+ 15. Qe3 Qxe3+ 16. fxe3 O-O-O 17. O-O Nb4 18. c3 Nc2 19. Rac1 Nxe3 20. Rfe1 Nf5 21. Re6 Rd6 22. Rxd6 cxd6 23. c4 dxc4 24. Rxc4+ Kb8 25. Kf2 Rc8 26. Rxc8+ Kxc8 27. Ke2 b5 28. Kd3 Kb7 29. g4 Ne7 30. Nd2 Ka6 31. Nb3 Nd5 32. Ke4 Nb4 33. Nc1 Ka5 34. Kf5 Ka4 35. Kxf6 Ka3 36. Kg6 Nxa2 37. Nxa2 Kxa2 38. Kxh6 b4 39. g5 b3 40. g6 b2 41. g7 b1=Q 42. g8=Q+ Ka3 43. Qg3+ Qb3 44. Qxd6+ Qb4 45. Qa6+ Qa4 46. Qd3+ Qb3 47. Qa6+ Qa4 48. Qd6+ Qb4 49. Qa6+ Qa4 1/2-1/2

[Event "Junior Online 4NCL Division 3"]
[Site "online"]
[Date "2021.03.04"]
[EventDate "2021.03.04"]
[Round "4.52"]
[White "Patel, Aaron"]
[WhiteElo "1062"]
[WhiteTeam "Harrow Juniors E"]
[Black "Eedle, Eric F"]
[BlackElo "1638"]
[BlackTeam "Barnet Knights A"]
[Result "0-1"]
[PlyCount "98"]

1. e4 c5 2. Nf3 Nc6 3. d4 cxd4 4. Nxd4 Nf6 5. Nc3 e5 6. Nf3 Bb4 7. Bd2 Bxc3 8. Bxc3 Nxe4 9. Bxe5 Nxe5 10. Nxe5 Qa5+ 11. c3 Qxe5 12. Qe2 Qe7 13. f3 Nf6 14. Qxe7+ Kxe7 15. O-O-O d5 16. Re1+ Be6 17. f4 Kd6 18. Bb5 a6 19. Ba4 b5 20. Bb3 Rhc8 21. Rhf1 g6 22. h3 h5 23. Rd1 Rc7 24. Bc2 b4 25. cxb4 Rac8 26. Rd2 Bf5 27. Rff2 Ne4 28. Rfe2 Nxd2 29. Rxd2 Rxc2+ 30. Rxc2 Rxc2+ 31. Kd1 Rxg2 32. Kc1 Kc6 33. a4 d4 34. b3 Be4 35. f5 Bxf5 36. h4 Be4 37. b5+ axb5 38. axb5+ Kxb5 39. Kd1 Kb4 40. Ke1 Kc3 41. Kd1 Rb2 42. b4 Kxb4 43. Ke1 Kc3 44. Kd1 Ra2 45. Ke1 Kd3 46. Kf1 Ke3 47. Kg1 Kf3 48. Kh1 Kg3+ 49. Kg1 Ra1# 0-1

[Event "Junior Online 4NCL Division 3"]
[Site "online"]
[Date "2021.03.04"]
[EventDate "2021.03.04"]
[Round "4.53"]
[White "Angelopoulos, Andreas"]
[WhiteElo "1639"]
[WhiteTeam "Barnet Knights A"]
[Black "Evans, Joseph"]
[BlackElo "995"]
[BlackTeam "Harrow Juniors E"]
[Result "1-0"]
[PlyCount "49"]

1. d4 Nf6 2. c4 e6 3. Nc3 d5 4. Bg5 Be7 5. Nf3 O-O 6. e3 Nc6 7. Bd3 b6 8. O-O Ba6 9. b3 Nb4 10. Bb1 dxc4 11. a3 Nc6 12. bxc4 Bxc4 13. Re1 Na5 14. Qc2 g6 15. Ne5 Nb3 16. Nxc4 Nxa1 17. Qb2 c5 18. dxc5 bxc5 19. Qxa1 Qa5 20. Nxa5 Rfd8 21. Nc6 Rd2 22. Nxe7+ Kg7 23. Bxf6+ Kxf6 24. Ne4+ Kxe7 25. Nxd2 1-0

[Event "Junior Online 4NCL Division 3"]
[Site "online"]
[Date "2021.03.04"]
[EventDate "2021.03.04"]
[Round "4.54"]
[White "Grahame, Edgar"]
[WhiteElo "1075"]
[WhiteTeam "Harrow Juniors E"]
[Black "Drel, Anton"]
[BlackElo "1600"]
[BlackTeam "Barnet Knights A"]
[Result "0-1"]
[PlyCount "44"]

1. e4 e5 2. Bc4 Nf6 3. Nf3 Nc6 4. Nc3 Bc5 5. d3 d6 6. O-O Bg4 7. Bg5 h6 8. Bxf6 Qxf6 9. Nd5 Qd8 10. h3 Bh5 11. Bb5 O-O 12. Bxc6 bxc6 13. Nc3 f5 14. exf5 Rxf5 15. g4 Qd7 16. gxf5 Qxf5 17. Kg2 Rf8 18. Nh4 Qg5+ 19. Kh2 Bxd1 20. Rfxd1 Rxf2+ 21. Kh1 Qg3 22. Rg1 Qxh3# 0-1

[Event "Junior Online 4NCL Division 3"]
[Site "online"]
[Date "2021.03.04"]
[EventDate "2021.03.04"]
[Round "4.56"]
[White "Eedle, Eric F"]
[WhiteElo "1638"]
[WhiteTeam "Barnet Knights A"]
[Black "Patel, Aaron"]
[BlackElo "1062"]
[BlackTeam "Harrow Juniors E"]
[Result "1-0"]
[PlyCount "123"]

1. d4 d5 2. c4 c6 3. cxd5 cxd5 4. Nc3 e6 5. Bf4 Bb4 6. Nf3 Qa5 7. Qc2 Ne7 8. e3 Bd7 9. Bd3 Nbc6 10. O-O g6 11. Bh6 Nf5 12. Bxf5 exf5 13. Rfc1 Rg8 14. a3 Bxc3 15. bxc3 f6 16. Bf4 g5 17. Bd6 g4 18. Nd2 O-O-O 19. Bb4 Nxb4 20. axb4 Qc7 21. c4 Be6 22. Rxa7 h5 23. Qb3 h4 24. Rc2 h3 25. cxd5 Bxd5 26. Rxc7+ Kxc7 27. Qc3+ Kb8 28. Ra5 Bxg2 29. Qc5 Rc8 30. Qd6+ Rc7 31. Rc5 Rc8 32. Nc4 b5 33. Qb6+ Rb7 34. Rxc8+ Kxc8 35. Nd6+ Kd7 36. Nxb7 f4 37. Nc5+ Ke7 38. Qe6+ Kf8 39. Qxf6+ Kg8 40. Qg5+ Kf7 41. Qxf4+ Kg7 42. Qxg4+ Kf7 43. Qd7+ Kf6 44. Qxb5 Bc6 45. Qxc6+ Kf5 46. b5 Kg4 47. b6 Kf5 48. b7 Kg4 49. b8=Q Kh4 50. Qh8+ Kg4 51. Qg6+ Kf3 52. Qhf6+ Ke2 53. Qh5+ Ke1 54. Nd3+ Kd2 55. Nf4 Ke1 56. Qa5+ Kd1 57. Qa1+ Kd2 58. Qb2+ Kd1 59. Qb3+ Ke1 60. Qc3+ Kd1 61. Qd3+ Ke1 62. Qe2# 1-0

[Event "Junior Online 4NCL Division 3"]
[Site "online"]
[Date "2021.03.04"]
[EventDate "2021.03.04"]
[Round "4.57"]
[White "Evans, Joseph"]
[WhiteElo "995"]
[WhiteTeam "Harrow Juniors E"]
[Black "Angelopoulos, Andreas"]
[BlackElo "1639"]
[BlackTeam "Barnet Knights A"]
[Result "1/2-1/2"]
[PlyCount "87"]

1. c4 Nf6 2. g3 c5 3. Bg2 e6 4. e3 d5 5. cxd5 Nxd5 6. Nc3 Nxc3 7. bxc3 Nc6 8. Ne2 Be7 9. d4 O-O 10. O-O Rb8 11. Ba3 cxd4 12. Bxe7 Nxe7 13. cxd4 b6 14. Nc3 Bb7 15. Bxb7 Rxb7 16. Rc1 Nd5 17. Nxd5 Qxd5 18. Rc2 Rd7 19. Qd2 Qf5 20. Rfc1 h6 21. Rc7 Rxc7 22. Rxc7 Qb1+ 23. Kg2 Qe4+ 24. f3 Qa8 25. e4 Rd8 26. Rc1 Qb8 27. Kf2 Qd6 28. Rd1 Rc8 29. d5 exd5 30. Qxd5 Rc2+ 31. Ke3 Qxd5 32. exd5 Rc7 33. Ke4 Kf8 34. Ke5 Rd7 35. Rc1 Ke7 36. Rc6 f6+ 37. Ke4 g6 38. g4 Rd6 39. Rxd6 Kxd6 40. f4 a5 41. f5 g5 42. Kd4 b5 43. h3 a4 44. a3 1/2-1/2

[Event "Junior Online 4NCL Division 3"]
[Site "online"]
[Date "2021.03.04"]
[EventDate "2021.03.04"]
[Round "4.58"]
[White "Drel, Anton"]
[WhiteElo "1600"]
[WhiteTeam "Barnet Knights A"]
[Black "Grahame, Edgar"]
[BlackElo "1075"]
[BlackTeam "Harrow Juniors E"]
[Result "1-0"]
[PlyCount "55"]

1. e4 c5 2. Nc3 Nf6 3. g3 e6 4. Bg2 Nc6 5. d3 e5 6. f4 exf4 7. Bxf4 d6 8. Nf3 Bg4 9. O-O Bxf3 10. Qxf3 Be7 11. Rae1 O-O 12. Nd5 Nxd5 13. exd5 Nb4 14. Qe4 Nxc2 15. Qxe7 Qxe7 16. Rxe7 Rae8 17. Bxd6 Rxe7 18. Bxe7 Re8 19. d6 Ne3 20. Re1 Nxg2 21. Kxg2 h6 22. d7 Ra8 23. Bxc5 Rd8 24. Re8+ Rxe8 25. dxe8=Q+ Kh7 26. Qxf7 Kh8 27. Bd4 Kh7 28. Qxg7# 1-0

[Event "Junior Online 4NCL Division 3"]
[Site "online"]
[Date "2021.03.04"]
[EventDate "2021.03.04"]
[Round "4.61"]
[White "Yau, Ethan Y"]
[WhiteElo "1544"]
[WhiteTeam "Temple Sutton Juniors"]
[Black "Vijayakumar, Rishi"]
[BlackElo "1002"]
[BlackTeam "Dundee City"]
[Result "0-1"]
[PlyCount "52"]

1. e4 e6 2. d4 d5 3. exd5 exd5 4. Nc3 Bb4 5. Nf3 Nf6 6. Bd2 O-O 7. Bd3 Re8+ 8. Be2 Qe7 9. O-O Bxc3 10. Bxc3 Qxe2 11. Re1 Qxd1 12. Raxd1 Rxe1+ 13. Rxe1 Be6 14. a3 Nbd7 15. h3 Ne4 16. Bb4 a5 17. Be7 f6 18. a4 Kf7 19. Ba3 Re8 20. c3 Nb6 21. Re3 Nc4 22. Rd3 Bf5 23. Rd1 Nxa3 24. bxa3 Nxc3 25. Rc1 Ne2+ 26. Kh1 Nxc1 0-1

[Event "Junior Online 4NCL Division 3"]
[Site "online"]
[Date "2021.03.04"]
[EventDate "2021.03.04"]
[Round "4.62"]
[White "Barron-Majerik, Alexander"]
[WhiteElo "221"]
[WhiteTeam "Dundee City"]
[Black "Summers, Dylan S"]
[BlackElo "1532"]
[BlackTeam "Temple Sutton Juniors"]
[Result "0-1"]
[PlyCount "72"]

1. e4 e5 2. Nf3 Nc6 3. Bc4 Bc5 4. Nc3 Nf6 5. d3 h6 6. Be3 Bb6 7. O-O d6 8. h3 Be6 9. Bb3 O-O 10. Qe2 d5 11. exd5 Nxd5 12. Nxd5 Bxd5 13. Ba4 a6 14. Bxc6 Bxc6 15. Nxe5 Bb5 16. Qf3 Qe7 17. Nc4 Bxe3 18. Nxe3 Bc6 19. Nf5 Qf6 20. Qf4 Bd7 21. g4 h5 22. Rae1 Rfe8 23. Re3 g5 24. Qf3 Rxe3 25. fxe3 Bc6 26. Qg3 h4 27. Qh2 Qxb2 28. Nh6+ Kg7 29. Nxf7 Rf8 30. Nxg5 Rxf1+ 31. Kxf1 Qc1+ 32. Ke2 Qxc2+ 33. Kf1 Qxh2 34. Nf3 Qxh3+ 35. Kg1 Qxf3 36. Kh2 Qg2# 0-1

[Event "Junior Online 4NCL Division 3"]
[Site "online"]
[Date "2021.03.04"]
[EventDate "2021.03.04"]
[Round "4.63"]
[White "Yau, Max Y"]
[WhiteElo "1267"]
[WhiteTeam "Temple Sutton Juniors"]
[Black "Dickson, Josh"]
[BlackElo "199"]
[BlackTeam "Dundee City"]
[Result "0-1"]
[PlyCount "98"]

1. e4 e5 2. Nf3 Nc6 3. Bc4 h6 4. O-O Nf6 5. d3 Bc5 6. Nc3 Ng4 7. h3 Nxf2 8. Rxf2 Bxf2+ 9. Kxf2 O-O 10. Kg1 Qe7 11. Be3 Na5 12. Qe2 d6 13. Nd5 Qd7 14. d4 c6 15. Nc3 exd4 16. Bxd4 c5 17. Be3 a6 18. Rd1 Nxc4 19. Qxc4 b5 20. Qd5 Bb7 21. Qxd6 Qxd6 22. Rxd6 Rfe8 23. Rd7 Bxe4 24. Nxe4 Rxe4 25. Bxc5 Rc4 26. Be3 Rxc2 27. Bd4 Rc1+ 28. Kh2 a5 29. Rb7 b4 30. a3 bxa3 31. bxa3 Rcc8 32. Ne5 f6 33. Nd7 Rc1 34. Nb6 Rd8 35. Rd7 Rxd7 36. Nxd7 Rd1 37. Nxf6+ gxf6 38. Bxf6 Rd3 39. Be7 Kf7 40. Bc5 Kg6 41. h4 Kh5 42. g3 Kg4 43. Bf2 Rxa3 44. Be1 Ra2+ 45. Kh1 a4 46. Kg1 a3 47. Kf1 Rb2 48. Bc3 Rb1+ 49. Be1 a2 0-1

[Event "Junior Online 4NCL Division 3"]
[Site "online"]
[Date "2021.03.04"]
[EventDate "2021.03.04"]
[Round "4.64"]
[White "Dickson, Noah"]
[WhiteElo "199"]
[WhiteTeam "Dundee City"]
[Black "Patey, Joe"]
[BlackElo "1185"]
[BlackTeam "Temple Sutton Juniors"]
[Result "1-0"]
[PlyCount "59"]

1. e4 e5 2. Nf3 Nc6 3. d4 Bb4+ 4. Nc3 Bxc3+ 5. bxc3 d6 6. d5 Nf6 7. dxc6 bxc6 8. Bc4 d5 9. exd5 cxd5 10. Bb5+ Bd7 11. Bxd7+ Qxd7 12. Nxe5 Qe6 13. Bf4 g5 14. Bg3 Ne4 15. Qd4 Nxg3 16. hxg3 f6 17. Qa4+ Ke7 18. Qb4+ Ke8 19. O-O-O Qxe5 20. Qb7 Kd7 21. Rxd5+ Qxd5 22. Qxd5+ Kc8 23. Qxa8+ Kd7 24. Qxh8 Kd6 25. Rd1+ Kc5 26. Qxf6 Kc4 27. Qd4+ Kb5 28. Qb4+ Ka6 29. a4 c5 30. Qb5# 1-0

[Event "Junior Online 4NCL Division 3"]
[Site "online"]
[Date "2021.03.04"]
[EventDate "2021.03.04"]
[Round "4.65"]
[White "Vijayakumar, Rishi"]
[WhiteElo "1002"]
[WhiteTeam "Dundee City"]
[Black "Yau, Ethan Y"]
[BlackElo "1544"]
[BlackTeam "Temple Sutton Juniors"]
[Result "1-0"]
[PlyCount "83"]

1. d4 d5 2. c4 c6 3. Nf3 Nf6 4. e3 Bg4 5. Nc3 e6 6. Be2 Bb4 7. Qb3 Qa5 8. Bd2 Nbd7 9. a3 Bxc3 10. Bxc3 Qb6 11. Qxb6 Nxb6 12. c5 Na4 13. Bd2 Nxb2 14. Rb1 Bxf3 15. gxf3 Na4 16. Rxb7 O-O 17. Bd1 Rfb8 18. Rxb8+ Rxb8 19. Bxa4 Rb1+ 20. Bd1 h6 21. O-O Ra1 22. Bb4 a5 23. Bxa5 Rxa3 24. Bb6 Nd7 25. Bc2 Ra2 26. Rc1 Ra6 27. Rb1 f6 28. Bd3 Ra3 29. Bf1 Kf7 30. Bc7 Ra7 31. Bd6 e5 32. Bh3 exd4 33. Bxd7 Rxd7 34. exd4 g5 35. Rb6 Rd8 36. Rxc6 Kg6 37. Be7 Rd7 38. Bxf6 Kf7 39. Be5 h5 40. Rh6 Ra7 41. Rh7+ Kg6 42. Rxa7 1-0

[Event "Junior Online 4NCL Division 3"]
[Site "online"]
[Date "2021.03.04"]
[EventDate "2021.03.04"]
[Round "4.66"]
[White "Summers, Dylan S"]
[WhiteElo "1532"]
[WhiteTeam "Temple Sutton Juniors"]
[Black "Barron-Majerik, Alexander"]
[BlackElo "221"]
[BlackTeam "Dundee City"]
[Result "1/2-1/2"]
[PlyCount "147"]

1. e4 e5 2. Nf3 Nc6 3. Bc4 Bc5 4. Nc3 Nf6 5. d3 h6 6. Be3 Bb6 7. O-O d6 8. h3 Be6 9. Bb3 O-O 10. d4 exd4 11. Nxd4 Nxd4 12. Bxd4 Ba5 13. Qd2 Bxc3 14. Qxc3 Nxe4 15. Qe3 Ng5 16. h4 Bxb3 17. axb3 Ne6 18. Bc3 Qxh4 19. Rxa7 Rxa7 20. Qxa7 Nf4 21. g3 Ne2+ 22. Kg2 Qe4+ 23. Kh2 Qxc2 24. Qe3 Nxc3 25. bxc3 Qxb3 26. Qd3 Re8 27. Rb1 Qe6 28. Rxb7 Qf6 29. Qd2 Re7 30. Rb8+ Kh7 31. Qd3+ g6 32. Qd2 Qg5 33. Qd4 Qh5+ 34. Kg2 Qe5 35. Qh4 Qd5+ 36. Kf1 Qd1+ 37. Kg2 Re1 38. Qh2 Qd5+ 39. Kh3 Qh5+ 40. Kg2 Qxh2+ 41. Kxh2 Rc1 42. Rb3 c5 43. Kg2 Kg7 44. Kf3 Kf6 45. Ke2 Ke5 46. Kd2 Rh1 47. Ke3 d5 48. Rb5 d4+ 49. cxd4+ Ke6 50. dxc5 Re1+ 51. Kd2 Re5 52. Rb6+ Kd7 53. c6+ Kc7 54. Rb7+ Kxc6 55. Rxf7 Rd5+ 56. Ke3 Rd6 57. f3 Kd5 58. Rf4 Re6+ 59. Kd3 g5 60. Rf5+ Re5 61. Rxe5+ Kxe5 62. Ke3 h5 63. Kd3 g4 64. fxg4 hxg4 65. Ke3 Kf5 66. Kf2 Ke4 67. Ke2 Kf5 68. Kf2 Ke4 69. Ke2 Kf5 70. Kf2 Kg5 71. Ke3 Kf5 72. Kf2 Ke4 73. Ke2 Kf5 74. Kf2 1/2-1/2

[Event "Junior Online 4NCL Division 3"]
[Site "online"]
[Date "2021.03.04"]
[EventDate "2021.03.04"]
[Round "4.67"]
[White "Dickson, Josh"]
[WhiteElo "199"]
[WhiteTeam "Dundee City"]
[Black "Yau, Max Y"]
[BlackElo "1267"]
[BlackTeam "Temple Sutton Juniors"]
[Result "0-1"]
[PlyCount "131"]

1. e4 e6 2. b3 d5 3. exd5 exd5 4. Qe2+ Be7 5. Bb2 Nf6 6. Bxf6 gxf6 7. Nf3 a6 8. Nc3 c5 9. d4 O-O 10. dxc5 Qa5 11. O-O-O Qxc3 12. Qxe7 Bf5 13. Bd3 Bxd3 14. Rxd3 Qa1+ 15. Kd2 Qxh1 16. Qxf6 Nd7 17. Qg5+ Kh8 18. Ne5 f6 19. Ng6+ hxg6 20. Rh3+ Kg7 21. Qh6+ Kf7 22. Qh7+ Ke8 23. Re3+ Kd8 24. Qe7+ Kc7 25. Qd6+ Kd8 26. c6 bxc6 27. Qxc6 Rc8 28. Qxd5 Qxh2 29. Rd3 Qf4+ 30. Kd1 Qf5 31. Qd6 Qe5 32. Qxf8+ Kc7 33. Qb4 Qh5+ 34. Kd2 Qh6+ 35. Re3 Re8 36. Qa5+ Kb7 37. Qd5+ Kc8 38. Qa8+ Nb8 39. Qf3 Rxe3 40. fxe3 Qg7 41. Qg4+ f5 42. Qc4+ Qc7 43. Qg8+ Qd8+ 44. Qxd8+ Kxd8 45. Ke2 Nc6 46. Kf3 Ke7 47. g4 fxg4+ 48. Kxg4 Kf6 49. Kf4 Nb4 50. c3 Nxa2 51. e4 Nxc3 52. e5+ Ke7 53. Kg5 Na2 54. Kf4 Nc1 55. b4 Nd3+ 56. Ke4 Nxb4 57. Kd4 g5 58. Ke4 a5 59. Kd4 g4 60. Ke4 a4 61. Kf4 Nd3+ 62. Kxg4 Nxe5+ 63. Kf4 a3 64. Ke4 a2 65. Kd4 a1=Q+ 66. Ke4 0-1

[Event "Junior Online 4NCL Division 3"]
[Site "online"]
[Date "2021.03.04"]
[EventDate "2021.03.04"]
[Round "4.68"]
[White "Patey, Joe"]
[WhiteElo "1185"]
[WhiteTeam "Temple Sutton Juniors"]
[Black "Dickson, Noah"]
[BlackElo "199"]
[BlackTeam "Dundee City"]
[Result "0-1"]
[PlyCount "66"]

1. e4 e5 2. Nf3 Nc6 3. Bc4 Nf6 4. Ng5 Bc5 5. Nxf7 Qe7 6. Nxh8 Nxe4 7. O-O Nxf2 8. Rxf2 Bxf2+ 9. Kxf2 Qh4+ 10. g3 Qxc4 11. Qe2 Qg8 12. Qh5+ g6 13. Nxg6 Qxg6 14. Qxg6+ hxg6 15. h4 Nd4 16. a4 Nxc2 17. Ra2 Nb4 18. Ra3 d5 19. Nc3 Nd3+ 20. Kg2 Nxc1 21. Nxd5 Kd7 22. Rc3 Ne2 23. Rxc7+ Kd6 24. Rg7 Kxd5 25. Rxg6 Bf5 26. Rg5 Be4+ 27. Kh3 Ng1+ 28. Kh2 Nf3+ 29. Kh3 Nxg5+ 30. hxg5 Ke6 31. Kh4 Bf3 32. g6 Rh8+ 33. Kg5 Rh5# 0-1

[Event "Junior Online 4NCL Division 3"]
[Site "online"]
[Date "2021.03.04"]
[EventDate "2021.03.04"]
[Round "4.71"]
[White "Thompson, Alex"]
[WhiteElo "1554"]
[WhiteTeam "Surrey Kings 1"]
[Black "Shah, Prem"]
[BlackElo "1171"]
[BlackTeam "Watford Juniors D"]
[Result "0-1"]
[PlyCount "72"]

1. d4 d5 2. c4 Nf6 3. Nc3 c6 4. cxd5 cxd5 5. Bf4 Nc6 6. e3 Bf5 7. Rc1 e6 8. Nf3 Bb4 9. Bd3 Bg6 10. O-O O-O 11. Ne5 Bxd3 12. Qxd3 Nxe5 13. Bxe5 Ng4 14. Bg3 Bd6 15. Nb5 Bxg3 16. hxg3 Qg5 17. Rfe1 Qf6 18. f3 Nh6 19. Rc7 a6 20. Nd6 Qd8 21. Rxb7 Qxd6 22. Rc1 Qxg3 23. Rbc7 Nf5 24. Qc2 Nxe3 25. Qd2 Nf5 26. Qc2 Nh4 27. b4 Nxf3+ 28. Kf1 Nxd4 29. Qc5 Qd3+ 30. Kf2 Qe2+ 31. Kg1 Qe3+ 32. Kh1 Qe4 33. Rc8 Raxc8 34. Qxc8 h6 35. Qc5 Qh4+ 36. Kg1 Ne2+ 0-1

[Event "Junior Online 4NCL Division 3"]
[Site "online"]
[Date "2021.03.04"]
[EventDate "2021.03.04"]
[Round "4.72"]
[White "Arora, Aarav"]
[WhiteElo "1005"]
[WhiteTeam "Watford Juniors D"]
[Black "Atkinson, Albie"]
[BlackElo "1593"]
[BlackTeam "Surrey Kings 1"]
[Result "1-0"]
[PlyCount "33"]

1. d4 d5 2. c4 e6 3. Nc3 Nf6 4. cxd5 exd5 5. Bg5 Bb4 6. Qc2 Qd6 7. Nf3 h6 8. Bd2 c5 9. Nb5 Qc6 10. Bxb4 Qxb5 11. Qxc5 Qxc5 12. Bxc5 b6 13. Ba3 Nc6 14. Rc1 Bd7 15. e3 Rc8 16. Bb5 Na5 17. Rxc8# 1-0

[Event "Junior Online 4NCL Division 3"]
[Site "online"]
[Date "2021.03.04"]
[EventDate "2021.03.04"]
[Round "4.73"]
[White "Pradhan, Ayan"]
[WhiteElo "1475"]
[WhiteTeam "Surrey Kings 1"]
[Black "Mehta, Devina"]
[BlackElo "799"]
[BlackTeam "Watford Juniors D"]
[Result "1-0"]
[PlyCount "49"]

1. e4 e5 2. Nf3 Nf6 3. Nxe5 Qe7 4. Nf3 Qxe4+ 5. Be2 Bb4 6. O-O O-O 7. Re1 Qe8 8. c3 Nd5 9. cxb4 Nxb4 10. a3 Nd5 11. Bc4 c6 12. Rxe8 Rxe8 13. h3 d6 14. Nc3 Nb6 15. Ba2 Na6 16. Qb3 Be6 17. Qc2 d5 18. Nd4 Bd7 19. Bb1 Re1+ 20. Kh2 Re2 21. Ndxe2 c5 22. Qxh7+ Kf8 23. Nf4 d4 24. Ncd5 Re8 25. Qh8# 1-0

[Event "Junior Online 4NCL Division 3"]
[Site "online"]
[Date "2021.03.04"]
[EventDate "2021.03.04"]
[Round "4.74"]
[White "Bamania, Prayaan"]
[WhiteElo "674"]
[WhiteTeam "Watford Juniors D"]
[Black "Baber, Sanjit"]
[BlackElo "1505"]
[BlackTeam "Surrey Kings 1"]
[Result "0-1"]
[PlyCount "112"]

1. e4 c5 2. Nf3 Nc6 3. Bc4 d6 4. O-O Nf6 5. Nc3 g6 6. d3 Bg7 7. Bf4 e5 8. Ng5 O-O 9. Be3 Qe7 10. Qf3 Nh5 11. Nb5 Be6 12. Nxe6 fxe6 13. Qg4 Rae8 14. Nxa7 Nxa7 15. Bg5 Bf6 16. Bh6 Bg7 17. Bg5 Qd7 18. c3 b5 19. Bb3 Nc6 20. d4 cxd4 21. cxd4 Nxd4 22. Rad1 Nxb3 23. axb3 b4 24. f4 exf4 25. Bxf4 Nxf4 26. Rxf4 Rxf4 27. Qxf4 Be5 28. Qh6 Qg7 29. Qxg7+ Kxg7 30. Ra1 Rf8 31. Ra7+ Kh6 32. Ra1 Bxb2 33. Rb1 Bd4+ 34. Kh1 Rf4 35. Re1 d5 36. e5 Bxe5 37. g3 Rf5 38. g4 Rg5 39. h4 Rxg4 40. Rxe5 Rxh4+ 41. Kg2 Rg4+ 42. Kf3 Rh4 43. Rxe6 Rh3+ 44. Kf4 Rxb3 45. Ke5 Re3+ 46. Kxd5 Rxe6 47. Kxe6 b3 48. Kd5 b2 49. Kc4 b1=Q 50. Kd5 Qb3+ 51. Kd6 Qc4 52. Ke7 Qd5 53. Kf8 Qd6+ 54. Kf7 g5 55. Kg8 Kg6 56. Kh8 Qf8# 0-1

[Event "Junior Online 4NCL Division 3"]
[Site "online"]
[Date "2021.03.04"]
[EventDate "2021.03.04"]
[Round "4.75"]
[White "Shah, Prem"]
[WhiteElo "1171"]
[WhiteTeam "Watford Juniors D"]
[Black "Thompson, Alex"]
[BlackElo "1554"]
[BlackTeam "Surrey Kings 1"]
[Result "0-1"]
[PlyCount "73"]

1. d4 e6 2. c4 c6 3. Nc3 d5 4. cxd5 exd5 5. Qc2 h6 6. Bf4 Nf6 7. e3 Bd6 8. Bg3 Be6 9. Bd3 Qc7 10. Nf3 Bxg3 11. hxg3 Nbd7 12. O-O a6 13. b4 b5 14. a4 O-O 15. axb5 axb5 16. Ra2 Rxa2 17. Qxa2 Nb6 18. Ra1 Ra8 19. Qxa8+ Nxa8 20. Rxa8+ Bc8 21. Ne5 g6 22. e4 Kg7 23. exd5 Nxd5 24. Nxd5 cxd5 25. Bxb5 Qb7 26. Bc6 Qc7 27. Ra5 f6 28. Nxg6 Qxc6 29. Ne7 Qc1+ 30. Kh2 Be6 31. Nxd5 Bxd5 32. Rxd5 Qc4 33. Rd7+ Kg6 34. f4 Qxb4 35. Kh3 Qb8 36. g4 Qc8 37. f5+ Kg5 0-1

[Event "Junior Online 4NCL Division 3"]
[Site "online"]
[Date "2021.03.04"]
[EventDate "2021.03.04"]
[Round "4.76"]
[White "Atkinson, Albie"]
[WhiteElo "1593"]
[WhiteTeam "Surrey Kings 1"]
[Black "Arora, Aarav"]
[BlackElo "1005"]
[BlackTeam "Watford Juniors D"]
[Result "1-0"]
[PlyCount "43"]

1. e4 e6 2. d4 d5 3. e5 c5 4. c3 Nc6 5. Nf3 Qb6 6. Be2 Nge7 7. O-O Ng6 8. Bd3 Be7 9. Bxg6 hxg6 10. Re1 cxd4 11. cxd4 Bb4 12. Re2 Bd7 13. a3 Be7 14. Nc3 Rc8 15. Na4 Qb5 16. Re3 Nxd4 17. Nc3 Qb6 18. Nxd4 Bc5 19. Nce2 Bb5 20. Rb3 Bxe2 21. Qxe2 Qc6 22. Nxc6 1-0

[Event "Junior Online 4NCL Division 3"]
[Site "online"]
[Date "2021.03.04"]
[EventDate "2021.03.04"]
[Round "4.77"]
[White "Mehta, Devina"]
[WhiteElo "799"]
[WhiteTeam "Watford Juniors D"]
[Black "Pradhan, Ayan"]
[BlackElo "1475"]
[BlackTeam "Surrey Kings 1"]
[Result "0-1"]
[PlyCount "58"]

1. e4 e6 2. Nf3 d5 3. d3 c5 4. e5 Nc6 5. d4 Bd7 6. dxc5 Bxc5 7. Bg5 Qb6 8. Bd3 Bxf2+ 9. Kd2 h6 10. Bh4 Qe3+ 11. Kc3 Bxh4 12. Nxh4 d4+ 13. Kc4 Nxe5+ 14. Kc5 Nxd3+ 15. cxd3 Qe5+ 16. Kb4 a5+ 17. Kc4 Bb5+ 18. Kb3 Qd5+ 19. Kc2 Rc8+ 20. Kd2 Qg5+ 21. Ke1 Qxh4+ 22. Kd2 Qf2+ 23. Qe2 Rc2+ 24. Kxc2 Qxe2+ 25. Kb3 Qxd3+ 26. Nc3 dxc3 27. bxc3 Bc4+ 28. Ka4 Qxc3 29. Rad1 Qb4# 0-1

[Event "Junior Online 4NCL Division 3"]
[Site "online"]
[Date "2021.03.04"]
[EventDate "2021.03.04"]
[Round "4.78"]
[White "Baber, Sanjit"]
[WhiteElo "1505"]
[WhiteTeam "Surrey Kings 1"]
[Black "Bamania, Prayaan"]
[BlackElo "674"]
[BlackTeam "Watford Juniors D"]
[Result "1-0"]
[PlyCount "113"]

1. d4 d5 2. e3 Bf5 3. Nf3 e6 4. c4 dxc4 5. Bxc4 Nc6 6. O-O Bd6 7. Nc3 Nf6 8. Re1 Ng4 9. h3 Bh2+ 10. Nxh2 Nxh2 11. Kxh2 Qd6+ 12. f4 g5 13. Nb5 Qb4 14. Nxc7+ Kd8 15. Nxa8 Kd7 16. b3 Qc3 17. Bd2 Qb2 18. Qc1 Qxc1 19. Bxc1 Rxa8 20. Bb5 Rc8 21. Bxc6+ Rxc6 22. fxg5 h5 23. a4 Rb6 24. Ra3 a5 25. Bd2 Ra6 26. b4 axb4 27. Bxb4 Kc6 28. Rc1+ Kd5 29. Rc7 b5 30. axb5 Rb6 31. Rxf7 Rxb5 32. Ra5 Rxa5 33. Bxa5 Ke4 34. Rf6 Kxe3 35. g6 Bxg6 36. Rxg6 Kxd4 37. Rxe6 Kc5 38. Be1 Kd5 39. Re8 Kd4 40. Kg3 Kd3 41. Kf3 Kc4 42. Rd8 Kc5 43. Ke3 Kc6 44. Bh4 Kc5 45. Rd1 Kc4 46. Ke4 Kc3 47. Rd3+ Kc4 48. g4 hxg4 49. hxg4 Kc5 50. g5 Kc4 51. g6 Kc5 52. g7 Kc6 53. g8=R Kc5 54. Rc8+ Kb6 55. Rb3+ Ka7 56. Rc1 Ka6 57. Ra1# 1-0

[Event "Junior Online 4NCL Division 3"]
[Site "online"]
[Date "2021.03.04"]
[EventDate "2021.03.04"]
[Round "4.81"]
[White "Aserkoff, Daniel"]
[WhiteElo "1534"]
[WhiteTeam "JHJ Shark Tank 2"]
[Black "Shen, Alex"]
[BlackElo "1574"]
[BlackTeam "MCS Tenners A"]
[Result "1-0"]
[PlyCount "115"]

1. e4 c5 2. Nc3 e6 3. d3 Nc6 4. g3 Nf6 5. Bg2 d5 6. e5 Nxe5 7. Bg5 Be7 8. f4 Nc6 9. Nf3 a6 10. Qd2 Rb8 11. O-O Qb6 12. b3 Bd7 13. Rfe1 O-O 14. f5 d4 15. Na4 Qc7 16. fxe6 Bxe6 17. Bxf6 Bxf6 18. Nxc5 Bf5 19. Ne4 Bxe4 20. Rxe4 Rfe8 21. Rae1 Rxe4 22. Rxe4 g6 23. Qf2 Bg7 24. Qe2 Qd7 25. Nd2 Nb4 26. Re7 Qb5 27. a4 Qc5 28. Rxb7 Rxb7 29. Bxb7 a5 30. Nc4 Qc7 31. Bg2 h6 32. Kf1 Qc5 33. Ke1 Qf5 34. Kd1 h5 35. Qf3 Qe6 36. Qe4 Qf6 37. Qf4 Qd8 38. Qe4 Bh6 39. Qa8 Qxa8 40. Bxa8 Na2 41. Nxa5 Nc3+ 42. Ke1 Kf8 43. Nc4 Ke7 44. Na3 Bg7 45. b4 Kd6 46. a5 Kc7 47. b5 Na4 48. b6+ Kb8 49. Bc6 Nc5 50. Nc4 Ne6 51. Be8 Nd8 52. Nd6 Bf8 53. Nxf7 Nb7 54. a6 Nc5 55. Bb5 Bd6 56. Nxd6 Nd7 57. a7+ Ka8 58. Bc6# 1-0